Statistics for Disney Princesses by colours

Click here to take the quiz!

General Stats

  • This quiz has been taken 135 times
    (125 since last reset)
  • The average score is 10 of 13

Answer Stats

HintAnswer% Correct
Baby BlueCinderella
98%
YellowBelle
97%
PinkAurora
94%
GreenTiana
89%
Blue and YellowSnow white
86%
PurpleRapunzel
83%
A light green, pink and blueMulan
80%
Red, blue and light brownPocahontas
79%
Everything blueElsa
76%
RedAriel
71%
Light blue, purple and dark blueAnna
70%
Light, glittery blueJasmine
65%
Orange and soft yellowMoana
46%

Score Distribution

Percentile by Number Answered

Percent of People with Each Score

Your Score History

You have not taken this quiz since the last reset